000 01425nam0a2200349 i 4500
001 RU\NLR\bibl\2020461
005 20260406163052.0
010 _a9785916380415
_9300
035 _a(NLR Aleph) 002008699
090 _a4443885
_c4443885
100 _a20130408d2011 u y0rusy50 ca
101 1 _arus
_ager
102 _aRU
105 _aa |||||||||
200 1 _aАлександрийские песни
_dAlexandrische Gesänge
_fМихаил Кузмин
_g[пер. на нем. яз.: А. Элиасберг
_gпредисл.: Лакманн А.
_gхудож.: А. Маевский]
_zger
210 _aСанкт-Петербург
_cЗнакъ
_d2011
215 _a107 с.
_cил.
_d10
300 _aАвт. также на нем. яз.: M. Kusmin
300 _aТекст парал. на рус. и нем. яз.
510 1 _6z20790
_aAlexandrische Gesänge
_zger
686 _aШ6(2=Р)53-5
686 _aШ6(2=Р)57нем.
700 1 _4070
_8rus
_7ca
_aКузмин
_bМ. А.
_cпоэт
_f1872-1936
_gМихаил Алексеевич
_3RU\NLR\auth\779851
_9119650
702 1 _aЭлиасберг
_bА.
_4730
702 1 _aМаевский
_bА.
_4040
790 1 _4070
_8rus
_7ba
_aKuzmin
_bM. A.
_cпоэт
_f1872-1936
_gMichail Alekseevič
_3RU\NLR\auth\7723146
_96200
801 0 _aRU
_bNLR
_c20130408
_gRCR
801 1 _aRU
_bNLR
_c20130408
942 _cBOOK
980 _aNBR